| 000 | 01473nam a22002777a 4500 | ||
|---|---|---|---|
| 005 | 20101206113148.0 | ||
| 008 | 101206t xxu||||| |||| 00| 0 hin d | ||
| 010 | _aHIN-91411 | ||
| 020 |
_c300.00 _a9788128828614 |
||
| 035 | _aHN-63757 | ||
| 037 | _bDBAD/PUB | ||
| 040 |
_aDPL _bHN |
||
| 082 | _a821 | ||
| 100 |
_924598 _aकवि 'शुष्क' |
||
| 245 |
_aअलख निरंजन / _cकवि 'शुष्क' |
||
| 246 |
_aAlakh Niranjan _bby Kavi Shusk |
||
| 260 |
_aनई दिल्ली _bडायमंड पॉकेट बुक्स _c2010 |
||
| 270 |
_bनई दिल्ली _aX-30, ओखला इंडस्ट्रियल एरिया, फेज-11 _e110020 _k011- 41611861 _l011- 41611866 _msales@dpb.in |
||
| 300 |
_a192पृ. _c22सेमी (सजिल्द) |
||
| 500 | _aतीखे-तीखे व्यंग्य एवं मर्मस्पर्शी चित्रणों से भरेः 1700 धारदार दोहों का तुफान !गाँव-कस्बे-देश-परदेश के परिवेश से जुड़ी तमाम असंगतियों की दास्तान | ||
| 650 | _91169 | ||
| 700 | _924599 | ||
| 700 | _924924 | ||
| 942 |
_2ddc _cHN _mकविशु |
||
| 999 |
_c49580 _d49580 |
||